Flags - Europe - Statistics

General Stats
  • This quiz has been taken 5 times
  • The average score is 36 of 45
Answer Stats
Picture Answer % Correct
Albania
100%
Austria
100%
Bulgaria
100%
Denmark
100%
Finland
100%
France
100%
Germany
100%
Greece
100%
Hungary
100%
Iceland
100%
Italy
100%
Latvia
100%
Luxembourg
100%
Malta
100%
Monaco
100%
Netherlands
100%
North Macedonia
100%
Norway
100%
Poland
100%
Portugal
100%
Russia
100%
Spain
100%
Sweden
100%
United Kingdom
100%
Belarus
67%
Belgium
67%
Bosnia and Herzegovina
67%
Croatia
67%
Czech Republic
67%
Estonia
67%
Kosovo
67%
Lithuania
67%
Moldova
67%
Montenegro
67%
Romania
67%
San Marino
67%
Serbia
67%
Slovakia
67%
Slovenia
67%
Switzerland
67%
Ukraine
67%
Vatican City
67%
Andora
0%
Irleand
0%
Lichtenstein
0%
No matching quizzes found
Score Distribution
Percent of People with Each Score
Percentile by Number Answered
Your Score History
You have not taken this quiz